000 00495nam a2200193Ia 4500
999 _c31465
_d31465
003 0100
005 20190701152633.0
008 130303s9999 xx 000 0 und d
040 _cARRUPELIB
050 _aHC260.I5A87 1973
100 _aAtkinson, A.B. (ed)
_946729
245 _aWealth, Income and Inequality
245 _bSelected Readings
260 _aMiddlesex
_bPenguin Education Books
_c1973
300 _a413p
650 _bWealth
_xAddresses, essays, lectures
_zUnited States
_946730
942 _2lcc
_cMONOGRAPH